000 00281nam a22001217a 4500
003 SGT
082 _a808.0666 RAM
100 _aRAMAN, MEENAKSHI
245 _aTECHNICAL COMMUNICATION PRINCIPLES AND PRACTICE
250 _a3rd
260 _aNEW DELHI
_bOXFORD
_c2015
942 _2ddc
_cCD
999 _c11253
_d11253